Personnages de séries - L - Statistiques

Statistiques générales
  • Ce quiz a été pris 167 fois
  • Le résultat moyen est 6 sur 16
Statistiques - réponses
Par images Réponse % Correct
Lucifer Morningstar
90%
Lynette Scavo
59%
Lucas Sinclair
51%
Lincoln Burrows
49%
Lily Aldrin
46%
Lydia Martin
46%
Luke Ross
45%
Leonard Hofstadter
38%
Love Quinn
36%
Liam Ridley
26%
Lagertha Lothbrok
21%
Léodagan
21%
Luna Torres
20%
Lidia Poet
17%
London Lipton
14%
Laurel Castillo
8%
Aucun quiz correspondant
Distribution des résultats
% des personnes avec chaque résultat
Percentile par nombre de réponses
Votre historique - résultats
Vous n’avez pas pris ce quiz